| 000 | 00741nam a2200265 i 4500 | ||
|---|---|---|---|
| 001 | bg | ||
| 100 | 1 | _aMcBRIDE, P. K | |
| 245 | 1 | 0 |
_aPascal - to proste / _cP. K. McBride ; [tł. Tomasz Zajbt]. |
| 246 |
_iTyt. oryg.: _aPascal programming made simple |
||
| 260 |
_aWarszawa : _b"RM", _c2001. |
||
| 300 |
_aVI, [2], 191 s. : _bil. ; _c24 cm. |
||
| 500 | _aTyt. oryg.: "Pascal programming made simple", 1997. | ||
| 504 | _aIndeks. | ||
| 650 | 9 | _aPASCAL | |
| 655 | _aPodręczniki | ||
| 700 | 1 |
_aZAJBT, Tomasz. _eTł. |
|
| 015 | _aPB 14584/2001 | ||
| 020 | _a8372431922 | ||
| 040 | _cBPK | ||
| 041 | 1 |
_apol _heng |
|
| 080 | _a004.438(07)A/Z | ||
| 920 | _a83-7243-192-2 | ||
| 942 | _cKS | ||
| 008 | s pl f |000 0 pol | ||
| 999 |
_c46592 _d46592 |
||
| 856 |
_uhttp://koha.tu.koszalin.pl/cgi-bin/koha/opac-detail.pl?biblionumber=46592 _yKatalog online BPK |
||